Zwischen Legitimität aus Galizien und Dienst für Habsburg: Die Wiener Genealogie Oskar Haleckis
| Titel: | Zwischen Legitimität aus Galizien und Dienst für Habsburg: Die Wiener Genealogie Oskar Haleckis / Christoph Augustynowicz |
|---|---|
| Verfasser: | |
| In: |
Eliten im Vielvölkerreich, (2015), Seite 355-367 alle Artikel anzeigen |
| Veröffentlicht: | 2015 |
| Umfang: | 1 Illustration |
| Format: | Aufsatz |
| Sprache: | Deutsch |
X
alg: 47595410 001A $03025:22-02-21 001B $01999:10-05-21 $t09:31:53.000 001D $03025:22-02-21 001U $0utf8 001X $00 002@ $0Aou 002C $aText $btxt $2rdacontent 002D $aohne Hilfsmittel zu benutzen $bn $2rdamedia 002E $aBand $bnc $2rdacarrier 003@ $0475954106 007A $0475954106 $aHEB 010@ $ager 010E $erda 011@ $a2015 021A $aZwischen Legitimität aus Galizien und Dienst für Habsburg: Die Wiener Genealogie Oskar Haleckis $hChristoph Augustynowicz 028A $BVerfasser $#Augustinowicz, Christoph $#Augustinowicz, Christoph $4aut $7122643682 $8Augustynowicz, Christoph$Z1969- [Tp1] $9153762705 031A $h355-367 $j2015 034M $a1 Illustration 039B $aEnthalten in $8--Aau--. Eliten im Vielvölkerreich. - Berlin : De Gruyter Oldenbourg, 2015. - VII, 411 Seiten. - Illustrationen, Karten. - ISBN 3-11-041602-6 $x201500000000000645 $9358125367 044K $#Halecki, Oskar von $#Halecki, Oskar v. $#Halecki, Oscar de $#Halecki, Oscar $#Halecki, O. de $#Halecki, O. $#Halecki-Chalecki, Oskar $#Chalecki, Oskar Halecki- $#Haleckhi, Oscar de $7116405104 $8Halecki, Oskar$Z1891-1973 [Tp1] $910372141X 044K $8$PChaleccy$lFamilie : 16. Jahrhundert- [Tp1] $9475957466 044K $#Wienn $#Viedeň $#Vinna $#Wiedeń Wien $#Vena $#Wienna $#Vin $#Biennē $#Viennē $#Wīn $#Bécs $#Vídeň $#Vjenë $#Dunaj $#Wenia $#Bundesland Wien $#Land Wien $#Stadt Wien $#Bundeshauptstadt Wien $#Bundesunmittelbare Stadt Wien $#Kaiserlich-Königliche Reichshaupt- und Residenzstadt Wien $#K.K. Reichshaupt- und Residenzstadt Wien $#Reichshaupt- und Residenzstadt Wien $#Reichsgau Wien $#Vienna $#Vienne Österreich $#Beč $#Viena $#Bécs $#Vindobona Wien $#Vienna Pannoniae $#Vindobona $#Vienna Austriae $#Vienne $#Gemeinde Wien $#Vienna Fluviorum $74066009-6 $8Wien [Tgz] $9085185515 044K $#Galizien (Osteuropa) $#Galicja $#Galicija $#Galizien und Lodomerien $#Königreich Galizien $#Provinz Galizien $#Halyčyna $#Galiitsia $#Galīcija $#Galičina $#Halič $74019124-2 $8Galizien [Tg1] $9085045411 044K $RHistorische Hilfswissenschaften $RAbstammung $RLineage $RGenealoge $#Genealogy $#Généalogie $#Genealogie $#Ahnenforschung $#Ahnenkunde $#Familienforschung Genealogie $#Familiengeschichte Genealogie $#Familienkunde $#Historische Familienforschung $#Sippenkunde $#Abstammung Genealogie $#Herkunft Genealogie $74020097-8 $8Genealogie [Ts1] $9085048054 044K $RFamilie $#Gentry family $#Noblesse $#Adel Familie $#Adlige Familie $#Adelsgeschlecht $#Adelshaus Adelsfamilie $74205558-1 $8Adelsfamilie [Ts1] $9086048317 045F $a907.2094380904 $eDDC23BSB 045F/01 $a907.2 045F/03 $f0904 045F/03 $g438 045F/03 $g436 045R $aGeschichte 1782-1973 045R/01 $aGeschichte 1600-1973 lok: 47595410 78 exp: 47595410 78 1 #EPN 201B/01 $022-02-21 $t11:08:20.000 201C/01 $022-02-21 201U/01 $0utf8 203@/01 $0114262997X 204P/01 $010.1515/9783110416121-019 208@/01 $a22-02-21 $be 209A/01 $a/ $f000 $x00 209A/01 $ab*p $x01 220C/01 $apgar 244Z/01 $#Generalgouvernement Polen $#Polska $#Rzeczpospolita Polska $#Polska Rzeczpospolita Ludowa $#Poland $#Pologne $#République Polonaise $#Generalne Gubernatorstwo w Polsce $#Polish People's Republic $#Polska Rzeczpospolita Polen $#PRL $#RP $#Polen Generalgouvernement $#Polska Generalgouvernement $#Besetzte Polnische Gebiete $#Besetztes Gebiet in Polen $#Okupowane Polskie Obszary $#Obszary Okupowane w Polsce $#Volksrepublik Polen $#Polska Rosyjska $#Republic Polen $#Respublika Pol'ša $#Pol'skaja Narodnaja Respublika $#République de Pologne $#Polen Links der Weichsel $#Polska po Lewej Stronie Wisły $#Lenkija $#Polija $#Gubernija Carstva Pol'skago $#Republik Polen $74046496-9 $8--Tg1--Polen $x01 $9085129801 244Z/01 $#Habsburgeri monarhia $#Habsburgų monarchija $#Habsburgian monarchy $#Habsburgmonarchia $#monarchia habsburska $#Habsburská monarchia $#Habsburská monarchie $8--Trx--Habsburgermonarchie $x02 $9391359606 247C/01 $82080>Marburg/Lahn, Herder-Institut, Forschungsbibliothek, Bibliographieportal $9336309341
| LEADER | 00000caa a2200000 c 4500 | ||
|---|---|---|---|
| 001 | 475954106 | ||
| 003 | DE-603 | ||
| 005 | 20210510093153.0 | ||
| 007 | tu | ||
| 008 | 210222s2015 xx |||| | u00||u|ger c | ||
| 035 | |a (DE-599)HEB475954106 | ||
| 040 | |a DE-603 |b ger |c DE-603 |d DE-603 |e rda | ||
| 041 | |a ger | ||
| 082 | 0 | 4 | |8 1\u |a 907.2094380904 |q DE-101 |2 23/BSB |
| 085 | |8 1\u |b 907.2 | ||
| 085 | |8 1\u |z 1 |s 0904 | ||
| 085 | |8 1\u |z 2 |s 438 | ||
| 085 | |8 1\u |z 2 |s 436 | ||
| 100 | 1 | |a Augustynowicz, Christoph |d 1969- |e Verfasser |4 aut |0 (DE-603)153762705 |0 (DE-588)122643682 |2 gnd | |
| 245 | 0 | 0 | |a Zwischen Legitimität aus Galizien und Dienst für Habsburg: Die Wiener Genealogie Oskar Haleckis |c Christoph Augustynowicz |
| 264 | 0 | |c 2015 | |
| 300 | |b 1 Illustration | ||
| 336 | |a Text |b txt |2 rdacontent | ||
| 337 | |a ohne Hilfsmittel zu benutzen |b n |2 rdamedia | ||
| 338 | |a Band |b nc |2 rdacarrier | ||
| 600 | 1 | 7 | |a Halecki, Oskar |d 1891-1973 |0 (DE-588)116405104 |0 (DE-603)10372141X |2 gnd |
| 600 | 3 | 7 | |a Chaleccy |c Familie : 16. Jahrhundert- |0 (DE-588)122788432X |0 (DE-603)475957466 |2 gnd |
| 648 | 7 | |a Geschichte 1782-1973 |2 gnd | |
| 648 | 7 | |a Geschichte 1600-1973 |2 gnd | |
| 650 | 7 | |a Genealogie |0 (DE-588)4020097-8 |0 (DE-603)085048054 |2 gnd | |
| 650 | 7 | |a Adelsfamilie |0 (DE-588)4205558-1 |0 (DE-603)086048317 |2 gnd | |
| 651 | 7 | |a Wien |0 (DE-588)4066009-6 |0 (DE-603)085185515 |2 gnd | |
| 651 | 7 | |a Galizien |0 (DE-588)4019124-2 |0 (DE-603)085045411 |2 gnd | |
| 773 | 0 | 8 | |i Enthalten in |t Eliten im Vielvölkerreich |d Berlin : De Gruyter Oldenbourg, 2015 |h VII, 411 Seiten, Illustrationen, Karten |z 3110416026 |z 9783110416022 |g (2015), Seite 355-367 |w (DE-603)358125367 |
| 924 | 0 | |9 2080 |a (DE-603)114262997X |b DE-2080 |c HES |d d |g / | |


